000 00551nam a2200193 a 4500
005 20240924071030.0
008 991125m19712005mx 000 0 spa u
020 _a9682301823
035 _aUPN01000013419
049 _aCG
050 4 _aP105
_bD4.38
100 1 _aDerrida, Jacques,
_d1930-2004
_930374
245 1 0 _aDe la gramatología /
_cJacques Derrida ; tr. Oscar del Barco.
260 _aMéxico :
_bSiglo XXI,
_c1971 (2005 impr.).
300 _a397 p.
440 0 _aPensamiento fundamental
650 4 _aLingüística
_96151
905 _aLibro
999 _c13419
_d13419